01089 a2200169 45000010006000000050017000060080041000230030015000640400040000790800073001192450028001922640035002203000019002555050603002741000022008777000020008992966020260407155607.0260407a1966 arg spa dAR-UNSa-BCEJYS aAR-UNSa-BCEJYSbspacAR-UNSa-BCEJYS a510xConsideraciones fundamentales y generales de las matemáticas 10aMatemáticas básicas 1aMéxico :bLimusa-Wileyc1966 a440 p.c24 cm. a1.Conceptos básicos – 2. Sistemas numéricos. Sistemas de números racionales – 3. Sistema de números reales. Sistema de números complejos – 4. Valor absoluto, gráficas y funciones – 5. Sistemas de ecuaciones lineales – 6. Vectores, matrices y determinantes – 7. Inducción matemática, y el teorema del binomio – 8. Polinomios y funciones polinomiales – 9. Exponentes. Funciones exponenciales y logarítmicas – 10. Razones y funciones trigonométricas – 11. Funciones trigonométricas inversas – 12. Forma trigonométricas – 13. Solución de triángulos.1 aTaylor, Howard E.1 aWade, Thomas L.